[Event "AGAG IIIIIIII"]
[Site "SchemingMind.com"]
[Date "2021.07.03"]
[Round "-"]
[White "Kenny Elliott"]
[Black "Gilligan"]
[Result "0-1"]
[WhiteCountry "USA"]
[BlackCountry "USA"]
[WhiteElo "1514"]
[WhiteRD "69"]
[BlackElo "1742"]
[BlackRD "54"]
[GameID "713038"]

1. b3 Nf6 2. Bb2 d5 3. Bxf6 gxf6 4. d4 e5 5. e3 a6 6. c4 Bb4+ 7. Nd2 Nc6 8. c5 b6 9. a3 Bc3 10. Ne2 Bxa1
11. Qxa1 b5 12. b4 e4 13. g3 Bg4 14. Nf4 Qd7 15. Qa2 Ne7 16. Nb3 O-O-O 17. Bg2 c6 18. O-O h5 19. a4 Kb7 20. axb5 cxb5
21. Ra1 Ra8 22. Na5+ Kc7 23. Nxd5+ Nxd5 24. Qb3 Be6 25. Qb2 f5 26. Rc1 Qe7 27. h4 Rhc8 28. Re1 f6 29. f3 exf3 30. Bxf3 Rg8
31. Kf2 Rg7 32. Qb1 Rag8 33. Rg1 Nxe3 34. Nc6 Qe8 35. Qa1 Bc8 36. Qa2 Bb7 37. Na5 Bxf3 38. Kxf3 Qe4+ 39. Kf2 Ng4+ 40. Kf1 f4
41. c6 Qf3+ 42. Ke1 Re8+
0-1

[Event "AGAG IIIIIIII"]
[Site "SchemingMind.com"]
[Date "2021.07.03"]
[Round "-"]
[White "Gilligan"]
[Black "Kenny Elliott"]
[Result "1-0"]
[WhiteCountry "USA"]
[BlackCountry "USA"]
[WhiteElo "1742"]
[WhiteRD "54"]
[BlackElo "1514"]
[BlackRD "69"]
[GameID "713039"]

1. b3 Nf6 2. Bb2 e6 3. Nf3 Bc5 4. e3 d5 5. Be2 Nc6 6. O-O O-O 7. d4 Bb6 8. Nbd2 Bd7 9. Rc1 Ne7 10. c4 c5
11. cxd5 cxd4 12. exd4 exd5 13. Re1 Nc6 14. h3 Qc8 15. Ne5 Qd8 16. Nxd7 Qxd7 17. Nf3 Rfe8 18. Bb5 Ne4 19. Bxc6 bxc6 20. Rf1 Rac8
21. Rc2 Bc7 22. Re2 g5 23. Re3 g4 24. Ne5 Bxe5 25. dxe5 gxh3 26. Rxh3 Re6 27. Qg4+ Kh8 28. f3 Rg8 29. Qh4 Rg7 30. fxe4 d4
31. b4 d3 32. Rd1 d2 33. Qf2 Qc7 34. Rxd2 Kg8 35. Rhd3 Re8 36. Rd7 Qb8 37. e6 Rg6 38. Qxf7#
1-0

[Event "AGAG IIIIIIII"]
[Site "SchemingMind.com"]
[Date "2021.07.03"]
[Round "-"]
[White "Kenny Elliott"]
[Black "Martin E. Hardwick"]
[Result "1-0"]
[WhiteCountry "USA"]
[BlackCountry "ENG"]
[WhiteElo "1549"]
[WhiteRD "66"]
[BlackElo "1161"]
[BlackRD "82"]
[GameID "713040"]

1. b3 Nf6 2. Bb2 e6 3. e3 a6 4. Nf3 Be7 5. Bd3 O-O 6. O-O d5 7. Ne5 Nc6 8. Nxc6 bxc6 9. Re1 Bb7 10. c4 Re8
11. Nc3 c5 12. Qc2 d4 13. exd4 cxd4 14. Ne2 e5 15. Ng3 Bd6 16. Nf5 Bc5 17. f3 Rb8 18. Re2 a5 19. Rae1 Bc6 20. Rxe5 Rxe5
21. Rxe5 Ba7 22. Ne7+ Kf8 23. Nxc6 Qd6 24. Nxb8 Bxb8 25. Rxa5 Qe6 26. Kf1 Qb6 27. Ra8
1-0

[Event "AGAG IIIIIIII"]
[Site "SchemingMind.com"]
[Date "2021.07.03"]
[Round "-"]
[White "Martin E. Hardwick"]
[Black "Kenny Elliott"]
[Result "0-1"]
[WhiteCountry "ENG"]
[BlackCountry "USA"]
[WhiteElo "1161"]
[WhiteRD "82"]
[BlackElo "1549"]
[BlackRD "66"]
[GameID "713041"]

1. b3 Nf6 2. d4 d5 3. h3 Nc6 4. Nf3 e6 5. a3 Be7 6. Nc3 O-O 7. Bb2 Bd6 8. e3 Bd7 9. Be2 Re8 10. O-O e5
11. e4 exd4 12. Nxd4 Nxd4 13. Qxd4 Be5 14. Qe3 dxe4 15. Rfd1 Qc8 16. Kf1 Bd6 17. Rd4 Bf5 18. Bg4 Bxg4 19. hxg4 Nxg4 20. Qe2 e3
21. fxe3 Nxe3+ 22. Kg1 Bc5 23. Re4 Nxc2+ 24. Kh1 Nxa1 25. Bxa1 Rxe4 26. Qxe4 Qf8
0-1

[Event "AGAG IIIIIIII"]
[Site "SchemingMind.com"]
[Date "2021.07.07"]
[Round "-"]
[White "Kenny Elliott"]
[Black "maro"]
[Result "1-0"]
[WhiteCountry "USA"]
[BlackCountry "MEX"]
[WhiteElo "1549"]
[WhiteRD "66"]
[BlackElo "1314"]
[BlackRD "62"]
[GameID "713042"]

1. b3 Nf6 2. Bb2 d6 3. d4 g6 4. Nf3 Bg7 5. Nc3 O-O 6. e4 c6 7. Be2 b6 8. O-O Na6 9. e5 dxe5 10. Nxe5 Bb7
11. Re1 b5 12. Bf3 Rb8 13. Qe2 c5 14. dxc5 Nxc5 15. Nc6 Bxc6 16. Bxc6 Rb6 17. Bxb5 a6 18. Rad1 Qc7 19. Bc4 Ncd7 20. Ba3 Ne5
21. Nd5 Nxd5 22. Bxd5 Re8 23. Bb2 Nd7 24. Bxg7 Kxg7 25. Qd2 Nf6 26. Bc4 Ng4 27. Qc3+ e5 28. Qg3 Nf6 29. a4 a5 30. h4 Nh5
31. Qg4 f5 32. Qg5 Rd6 33. Bd3 e4 34. Bc4 Rxd1 35. Rxd1 e3 36. fxe3 Qb6 37. Rd7+ Kh8 38. Qh6 Qxe3+ 39. Qxe3 Rxe3 40. Rd5 Ng3
41. Rxa5 h6 42. Ra7 g5 43. hxg5 hxg5 44. a5 f4 45. Kf2 g4 46. Rf7 Nh5 47. Rf5 g3+ 48. Kf1 Ng7 49. Rxf4 Nh5 50. Rh4 Re5
51. Be2 Rf5+ 52. Kg1 Kg7 53. Bxh5
1-0

[Event "AGAG IIIIIIII"]
[Site "SchemingMind.com"]
[Date "2021.07.07"]
[Round "-"]
[White "maro"]
[Black "Kenny Elliott"]
[Result "0-1"]
[WhiteCountry "MEX"]
[BlackCountry "USA"]
[WhiteElo "1321"]
[WhiteRD "59"]
[BlackElo "1507"]
[BlackRD "70"]
[GameID "713043"]

1. b3 d5 2. d4 Nf6 3. Nc3 e6 4. Bf4 Bd6 5. e3 Bxf4 6. exf4 O-O 7. Bd3 Nc6 8. Nf3 Bd7 9. a3 Qb8 10. O-O a6
11. Ne5 Nxe5 12. fxe5 Ne8 13. Qh5 g6 14. Qh4 c5 15. dxc5 Qxe5 16. Ne2 Ng7 17. f4 Qc7 18. Rf3 Qxc5+ 19. Kh1 Bc6 20. Rh3 h5
21. b4 Qb6 22. Rf1 Bb5 23. Rff3 Bxd3 24. cxd3 Qc6 25. g4 Qc2 26. Rf2 Qd1+ 27. Kg2 Rac8 28. Qg5 Rc2 29. gxh5 Rxe2 30. h6 Rxf2+
31. Kxf2 Qd2+ 32. Kf3 Qd1+ 33. Ke3 Nf5+ 34. Kf2 Kh7 35. Rg3 Nxg3 36. hxg3 f6 37. Qh4 Qxd3 38. g4 Qd4+ 39. Kg2 Rc8
0-1

[Event "AGAG IIIIIIII"]
[Site "SchemingMind.com"]
[Date "2021.07.03"]
[Round "-"]
[White "Kenny Elliott"]
[Black "flyinduck"]
[Result "0-1"]
[WhiteCountry "USA"]
[BlackCountry "CAN"]
[WhiteElo "1514"]
[WhiteRD "69"]
[BlackElo "2035"]
[BlackRD "72"]
[GameID "713044"]

1. b3 e5 2. Bb2 d6 3. e4 Nf6 4. Nf3 Nxe4 5. d3 Nf6 6. Be2 Be7 7. O-O O-O 8. Nbd2 c5 9. c4 Nc6 10. Qb1 Nd4
11. Nxd4 exd4 12. Bf3 Rb8 13. Re1 b6 14. Ne4 Bb7 15. a3 Nxe4 16. Bxe4 Bxe4 17. Rxe4 Bf6 18. b4 d5 19. cxd5 Qxd5 20. b5 Rfe8
21. f3 c4 22. Rxe8+ Rxe8 23. a4 c3 24. Ba3 h5 25. Qc1 Re3 26. Qc2 h4 27. Bc1 Re8 28. h3 Qe5 29. Ba3 Bd8 30. Kf1 Qh2
31. Qf2 Qh1+ 32. Qg1 Qxg1+ 33. Kxg1 Re2 34. Kf1 Rd2 35. Bc1 Rc2 36. Bf4 f6 37. Re1 Kf7 38. Bb8 Ra2 39. Bxa7 Rxa4 40. Bxb6 Bxb6
0-1

[Event "AGAG IIIIIIII"]
[Site "SchemingMind.com"]
[Date "2021.07.03"]
[Round "-"]
[White "flyinduck"]
[Black "Kenny Elliott"]
[Result "1-0"]
[WhiteCountry "CAN"]
[BlackCountry "USA"]
[WhiteElo "2035"]
[WhiteRD "72"]
[BlackElo "1514"]
[BlackRD "69"]
[GameID "713045"]

1. b3 d5 2. Bb2 Nc6 3. e3 e5 4. Bb5 Bd7 5. Bxc6 Bxc6 6. Bxe5 Qg5 7. Bg3 Qf6 8. d4 Bd6 9. Bxd6 Qxd6 10. Ne2 Nf6
11. Nd2 O-O 12. O-O Ng4 13. Nf3 Rfe8 14. h3 Nf6 15. Nf4 Ne4 16. Ne5 f6 17. Nxc6 Qxc6 18. Qd3 a5 19. c4 dxc4 20. bxc4 Red8
21. Nd5 Rxd5 22. cxd5 Qxd5 23. Rfc1 c6 24. Qb3 Qxb3 25. axb3 Ra6 26. Rc2 a4 27. Rxa4 Rxa4 28. bxa4 Kf7 29. Rb2 Nd6 30. a5 Ke7
31. Rxb7+ Nxb7 32. a6 Nd6 33. a7 Ne8 34. a8=Q
1-0

[Event "AGAG IIIIIIII"]
[Site "SchemingMind.com"]
[Date "2021.07.03"]
[Round "-"]
[White "Kenny Elliott"]
[Black "JAHI"]
[Result "0-1"]
[WhiteCountry "USA"]
[BlackCountry "INT"]
[WhiteElo "1549"]
[WhiteRD "66"]
[BlackElo "1995"]
[BlackRD "72"]
[GameID "713046"]

1. b3 e6 2. Bb2 d6 3. e4 d5 4. exd5 exd5 5. Nf3 Bg4 6. Be2 Bxf3 7. Bxf3 c6 8. Qe2+ Qe7 9. Qxe7+ Nxe7 10. O-O Nd7
11. d3 f6 12. Re1 Kf7 13. Nd2 Re8 14. Bg4 f5 15. Bh5+ Ng6 16. Rxe8 Kxe8 17. Re1+ Kf7 18. Nf3 Be7= 19. Bxg6+ hxg6 20. Bxg7 Re8
21. Ne5+ Nxe5 22. Bxe5 Bf6 23. d4 Bxe5 24. dxe5 f4 25. f3 Ke6 26. g3 g5 27. gxf4 gxf4 28. Kf2 Rh8 29. Kg2 a6 30. h3 b6
31. a3 Rh5 32. c3 c5 33. c4 d4 34. Re4 Rh4 35. b4 d3 36. Re1 b5 37. bxc5 bxc4 38. c6 d2 39. Rd1 c3 40. c7 Rh8
41. Kf2 c2 42. c8=Q+ Rxc8
0-1

[Event "AGAG IIIIIIII"]
[Site "SchemingMind.com"]
[Date "2021.07.03"]
[Round "-"]
[White "JAHI"]
[Black "Kenny Elliott"]
[Result "1-0"]
[WhiteCountry "INT"]
[BlackCountry "USA"]
[WhiteElo "1996"]
[WhiteRD "73"]
[BlackElo "1514"]
[BlackRD "69"]
[GameID "713047"]

1. b3 d5 2. e3 e5 3. Bb2 Nc6 4. Bb5 Bd7 5. Bxc6 Bxc6 6. Bxe5 Qg5 7. Nf3 Qf5 8. Bxc7 Nf6 9. Nc3 Bb4 10. a3 Bxc3
11. dxc3 Ne4 12. a4 Nxc3 13. Qd3 Ne4 14. Bf4 O-O 15. Kf1 Rac8 16. Re1 Rfd8 17. Kg1 Qf6 18. h3 a5 19. h4 Nc3 20. Bg5 Qe6
21. Bxd8 Ne4 22. Bxa5 Re8 23. Nd4 Qg6 24. f3 Ng3 25. Qxg6 fxg6 26. Rh3 Nf5 27. Nxc6 bxc6 28. Kf2 c5 29. Bb6 c4 30. b4 Rb8
31. a5 Nd6 32. Bc7
1-0

[Event "AGAG IIIIIIII"]
[Site "SchemingMind.com"]
[Date "2021.07.03"]
[Round "-"]
[White "Kenny Elliott"]
[Black "Daniel Dubé"]
[Result "1-0"]
[WhiteCountry "USA"]
[BlackCountry "CAN"]
[WhiteElo "1538"]
[WhiteRD "68"]
[BlackElo "1622"]
[BlackRD "60"]
[GameID "713048"]

1. b3 d6 2. Bb2 e5 3. e4 f5 4. d3 Nf6 5. Nf3 fxe4 6. dxe4 Be7 7. Bc4 Nc6 8. Bb5 Bd7 9. Nbd2 O-O 10. O-O Qe8
11. Bc4+ Kh8 12. Ng5 Qg6 13. Ne6 Bxe6 14. Bxe6 Ng4 15. Bxg4
1-0

[Event "AGAG IIIIIIII"]
[Site "SchemingMind.com"]
[Date "2021.07.03"]
[Round "-"]
[White "Daniel Dubé"]
[Black "Kenny Elliott"]
[Result "1-0"]
[WhiteCountry "CAN"]
[BlackCountry "USA"]
[WhiteElo "1547"]
[WhiteRD "57"]
[BlackElo "1507"]
[BlackRD "70"]
[GameID "713049"]

1. b3 d5 2. Bb2 Nc6 3. e3 e5 4. Bb5 Bd7 5. Nf3 Nf6 6. Bxc6 Bxc6 7. Nxe5 Bd6 8. f4 Bd7 9. O-O Bxe5 10. fxe5 Ne4
11. d3 Ng5 12. Nd2 Ne6 13. Qf3 O-O 14. Qg3 Qg5 15. Nf3 Qxe3+ 16. Kh1 Qc5 17. Rac1 Qb6 18. Ng5 Nxg5 19. Qxg5 Be6 20. Rf6 Qc6
21. Rf3 a5 22. Rg3 g6 23. Bd4 a4 24. Be3 Bf5 25. Qxf5 Qe8 26. Rf1 Qe6 27. Qh5 Kh8 28. Qg5 axb3 29. axb3 Rae8 30. Rh3 Qxe5
31. Qh6 Qg7 32. Bd4 f6 33. Qh4 g5 34. Qh5 Re7 35. Rg3 Rg8 36. h4 g4 37. Bxf6 Qxf6 38. Rxf6 Re1+ 39. Kh2 Re2 40. Rxg4
1-0

[Event "AGAG IIIIIIII"]
[Site "SchemingMind.com"]
[Date "2021.07.03"]
[Round "-"]
[White "Kenny Elliott"]
[Black "Arnold Jones"]
[Result "0-1"]
[WhiteCountry "USA"]
[BlackCountry "ENG"]
[WhiteElo "1514"]
[WhiteRD "69"]
[BlackElo "1556"]
[BlackRD "62"]
[GameID "713050"]

1. b3 e5 2. Bb2 Nc6 3. e4 Nf6 4. Nf3 d6 5. Nc3 Bg4 6. Be2 Bxf3 7. Bxf3 Nd7 8. O-O Nb6 9. a4 a5 10. d4 Nxd4
11. Ne2 Nxf3+ 12. gxf3 Qg5+ 13. Ng3 O-O-O 14. Qe2 d5 15. Kh1 g6 16. Rg1 Qe7 17. Ba3 c5 18. Qb5 Kc7 19. Rad1 d4 20. Qxa5 h5
21. Qb5 h4 22. Ne2 Nd7 23. h3 b6 24. a5 bxa5 25. Qxa5+ Kb7 26. Ra1 Rb8 27. Bb2 Kc6 28. Qa7 Rb7 29. Qa6+ Nb6 30. Ra5 Qf6
31. Qb5+ Kc7 32. Qd3 Qe6 33. Kh2 Bd6 34. Rga1 f5 35. Ra7 c4 36. bxc4 Qxc4 37. Rxb7+ Kxb7 38. Qxc4 Nxc4 39. Bc1 f4 40. Ra4 Rc8
41. Kg2 Nb6 42. Ra1 Rxc2 43. Ng1 Nc4 44. Kf1 d3 45. Kg2 Bc5 46. Rb1+ Kc6
0-1

[Event "AGAG IIIIIIII"]
[Site "SchemingMind.com"]
[Date "2021.07.03"]
[Round "-"]
[White "Rooksac"]
[Black "Kenny Elliott"]
[Result "1-0"]
[WhiteCountry "USA"]
[BlackCountry "USA"]
[WhiteElo "2022"]
[WhiteRD "100"]
[BlackElo "1551"]
[BlackRD "71"]
[GameID "713053"]

1. b3 Nf6 2. Bb2 d5 3. Nf3 e6 4. e3 Nc6 5. Be2 Bd6 6. d4 O-O 7. O-O Re8 8. c4 Ne4 9. Nc3 Nxc3 10. Bxc3 b6
11. Qc2 Bb7 12. c5 bxc5 13. dxc5 Bxc5 14. Bxg7 e5 15. Nxe5 Nxe5 16. Bxe5 Rxe5 17. Qxc5 Rb8 18. Rfc1 c6 19. Qxa7 Qd6 20. Bd3 Re7
21. h3 Bc8 22. Rxc6 Rxa7 23. Rxd6 Be6 24. Ra6 Rc7 25. Ra4 Rc3 26. Rd1 Rbc8 27. Kh2 R3c6 28. Rd4 Ra8 29. Rd2 Rc5 30. a4 Rc3
31. Bc2 Kh8 32. Bd1 Rb8 33. a5 Rc5 34. Ra2 Ra8 35. b4 Rc4 36. Bf3 Rxd4 37. exd4 Ra7 38. b5 Kg8 39. b6 Rb7 40. Rb2 Kf8
41. a6 Rb8 42. a7 Ra8 43. b7 Rxa7 44. b8=Q+
1-0

[Event "AGAG IIIIIIII"]
[Site "SchemingMind.com"]
[Date "2021.07.03"]
[Round "-"]
[White "Kenny Elliott"]
[Black "LockettJ"]
[Result "0-1"]
[WhiteCountry "USA"]
[BlackCountry "ENG"]
[WhiteElo "1549"]
[WhiteRD "66"]
[BlackElo "1974"]
[BlackRD "97"]
[GameID "713054"]

1. b3 e5 2. Bb2 Nc6 3. e4 Nf6 4. Nf3 Bc5 5. h3 Nxe4 6. Bd3 Nxf2 7. Qe2 Nxh1 8. Nxe5 O-O 9. Bxh7+ Kxh7 10. Qh5+ Kg8
11. Nxf7 Rxf7 12. Qxc5 Qh4+ 13. Ke2 Qe4+ 14. Qe3 Ng3+ 15. Ke1 Qxg2 16. Qe8+ Rf8 17. Qxf8+ Kxf8 18. Nc3 Qg1#
0-1

[Event "AGAG IIIIIIII"]
[Site "SchemingMind.com"]
[Date "2021.07.04"]
[Round "-"]
[White "LockettJ"]
[Black "Kenny Elliott"]
[Result "1-0"]
[WhiteCountry "ENG"]
[BlackCountry "USA"]
[WhiteElo "1997"]
[WhiteRD "79"]
[BlackElo "1551"]
[BlackRD "71"]
[GameID "713055"]

1. b3 d5 2. Bb2 Nc6 3. Nf3 Bf5 4. e3 Nb4 5. d3 Bg4 6. Nbd2 e6 7. Be2 Nf6 8. a3 Bxf3 9. Bxf3 Nc6 10. O-O Bd6
11. c4 O-O 12. b4 a6 13. c5 Be7 14. d4 Qb8 15. Qc2 b6 16. cxb6 Qxb6 17. Rfc1 Nxb4 18. axb4 Bxb4 19. Be2 Bxd2 20. Qxd2 Ne4
21. Qc2 Nf6 22. Ba3 Rfc8 23. Rab1 Qa7 24. Bc5 Qb8 25. Rxb8 Rcxb8 26. Be7 Ne8 27. Bd3 a5 28. Bxh7+ Kh8 29. Bd3 a4 30. e4 a3
31. exd5 a2 32. Qd1 Kg8 33. Qh5 a1=Q 34. Qh7#
1-0

[Event "AGAG IIIIIIII"]
[Site "SchemingMind.com"]
[Date "2021.07.02"]
[Round "-"]
[White "Gilligan"]
[Black "Martin E. Hardwick"]
[Result "1-0"]
[WhiteCountry "USA"]
[BlackCountry "ENG"]
[WhiteElo "1714"]
[WhiteRD "56"]
[BlackElo "1229"]
[BlackRD "72"]
[GameID "713056"]

1. b3 Nf6 2. Bb2 e6 3. Nc3 d5 4. e3 a6 5. Nf3 Be7 6. d3 Nc6 7. Be2 O-O 8. Qd2 Bb4 9. a3 Bxc3 10. Bxc3 Re8
11. Bb2 e5 12. O-O-O Bg4 13. h3 Bxf3 14. Bxf3 e4 15. Be2 d4 16. f3 Rb8 17. fxe4 Na7 18. exd4 Nb5 19. h4 Nxd4 20. g4 Nxe2+
21. Qxe2 Qd7 22. Bxf6 gxf6 23. h5 Qe6 24. h6 Rbd8 25. Rhg1 Rd6 26. Kb2 Rb6 27. Ka2 a5 28. a4 Rb4 29. g5 fxg5 30. Rxg5+ Kf8
31. Qd2 Re7 32. Qc3 f6 33. Rg2 Rd7 34. Rf1 Rf7 35. Rfg1 Ke7 36. Qxc7+ Qd7 37. Qxd7+ Kxd7 38. Rg7 Ke7 39. Rxf7+ Kxf7 40. Kb2 Rb6
41. c4 Rd6 42. Kc3 b5 43. axb5 Rb6 44. d4 Rb7 45. Rg7+ Ke6 46. Rxb7 f5 47. exf5+ Kxf5 48. Rxh7 Kg6 49. Ra7 Kxh6 50. b6 a4
51. bxa4 Kg6 52. b7
1-0

[Event "AGAG IIIIIIII"]
[Site "SchemingMind.com"]
[Date "2021.07.03"]
[Round "-"]
[White "Martin E. Hardwick"]
[Black "Gilligan"]
[Result "0-1"]
[WhiteCountry "ENG"]
[BlackCountry "USA"]
[WhiteElo "1229"]
[WhiteRD "72"]
[BlackElo "1714"]
[BlackRD "56"]
[GameID "713057"]

1. b3 Nf6 2. d4 d6 3. h3 c6 4. Qd3 e6 5. Bg5 Be7 6. Nf3 Nbd7 7. Nbd2 h6 8. Bf4 O-O 9. Qe3 Qc7 10. Bxh6 Nh7
11. Ng5 gxh6 12. Nxh7 Kxh7 13. Qd3+ f5 14. Nf3 Nf6 15. e3 Kg7 16. Be2 Kf7 17. O-O Rg8 18. Kh1 e5 19. Qc4+ Be6 20. d5 Bxd5
21. Qc3 Ne4 22. Qe1 Rg7 23. Nh4 Bxh4 24. Bf3 Qd7 25. Rd1 f4 26. exf4 Nxf2+ 27. Rxf2 Bxf3 28. Rxf3 Bxe1 29. Rxe1 Rag8 30. Re2 Ke7
31. fxe5 Kd8 32. exd6 Kc8 33. Rd3 b6 34. c3 c5 35. c4 Qc6 36. Rd5 Rd7 37. g4 Rxd6 38. Rd2 Rg5 39. Kg1 Rgxd5 40. Rxd5 Rxd5
41. cxd5 Qxd5 42. Kf2 Qd2+ 43. Kf3 Qxa2 44. Kf4 Qxb3 45. Kf5 Qxh3 46. Kf4 Qd3 47. Ke5 c4 48. Kf4 c3
0-1

[Event "AGAG IIIIIIII"]
[Site "SchemingMind.com"]
[Date "2021.07.07"]
[Round "-"]
[White "Gilligan"]
[Black "maro"]
[Result "1-0"]
[WhiteCountry "USA"]
[BlackCountry "MEX"]
[WhiteElo "1760"]
[WhiteRD "55"]
[BlackElo "1321"]
[BlackRD "59"]
[GameID "713058"]

1. b3 e5 2. Bb2 Nc6 3. e3 Bc5 4. Be2 Nf6 5. Nf3 O-O 6. O-O e4 7. Ng5 d5 8. d3 exd3 9. cxd3 h6 10. Nf3 Bb4
11. a3 Ba5 12. b4 Bb6 13. Nbd2 Re8 14. Rc1 Bf5 15. Nh4 Bh7 16. Nhf3 d4 17. e4 Ne5 18. Nxe5 Rxe5 19. Nf3 Re8 20. Rc4 a5
21. b5 c5 22. bxc6 bxc6 23. Nxd4 Bxd4 24. Bxd4 Rc8 25. Qc1 Nd5 26. Re1 Nf6 27. Bb2 Re6 28. Qd1 Bg6 29. Bxf6 Qxf6 30. Bg4 Re7
31. Bxc8 Re5 32. Qc1 Rh5 33. e5 Rxe5 34. Rxe5 Qxe5 35. d4 Qd5 36. Qc3 Qh5 37. Qd2 Qb5 38. Rc1 Be4 39. h3 Qh5 40. Re1 Bd5
41. Qf4 f6 42. Be6+ Bxe6 43. Rxe6 Qf7 44. Rxc6 Qe7 45. Rc8+ Kf7 46. Rc7 Qxc7 47. Qxc7+
1-0

[Event "AGAG IIIIIIII"]
[Site "SchemingMind.com"]
[Date "2021.07.07"]
[Round "-"]
[White "maro"]
[Black "Gilligan"]
[Result "0-1"]
[WhiteCountry "MEX"]
[BlackCountry "USA"]
[WhiteElo "1360"]
[WhiteRD "63"]
[BlackElo "1742"]
[BlackRD "54"]
[GameID "713059"]

1. b3 Nf6 2. Nc3 d5 3. d4 e6 4. Nf3 Be7 5. e3 O-O 6. h3 b6 7. Bd3 Nbd7 8. O-O Bb7 9. Ne2 c5 10. dxc5 bxc5
11. Bb2 h6 12. c4 dxc4 13. bxc4 Bxf3 14. gxf3 Qc7 15. Ng3 Rad8 16. Qc2 e5 17. Nf5 Bd6 18. e4 Kh7 19. Kh1 g6 20. Nh4 Rg8
21. Bc1 Be7 22. Qd2 Bf8 23. Bc2 Nh5 24. Qe3 Ndf6 25. Rb1 Nf4 26. Kh2 Qd7 27. Kg1 Qxh3 28. Qxf4 exf4 29. Ng2 Qxf3 30. Bxf4 g5
31. e5+ Kh8 32. Ne1 gxf4+
0-1

[Event "AGAG IIIIIIII"]
[Site "SchemingMind.com"]
[Date "2021.07.02"]
[Round "-"]
[White "Gilligan"]
[Black "flyinduck"]
[Result "0-1"]
[WhiteCountry "USA"]
[BlackCountry "CAN"]
[WhiteElo "1760"]
[WhiteRD "55"]
[BlackElo "2019"]
[BlackRD "72"]
[GameID "713060"]

1. b3 e5 2. Bb2 d6 3. e3 f5 4. Nc3 Nf6 5. d4 e4 6. f3 d5 7. Qd2 c6 8. O-O-O b5 9. Nge2 Bd6 10. fxe4 fxe4
11. h3 a5 12. a4 Bb4 13. axb5 cxb5 14. Nf4 Bd7 15. Qe2 Bxc3 16. Bxc3 b4 17. Bb2 O-O 18. g4 Bc6 19. Ne6 Qe7 20. Nxf8 Qxf8
21. g5 Ne8 22. h4 Nd6 23. Bh3 Kh8 24. Rdf1 Qe7 25. h5 Bb5 26. Qf2 Bxf1 27. Rxf1 Nc6 28. h6 Rd8 29. g6 hxg6 30. hxg7+ Kxg7
31. Qe2 Rh8 32. Bg2 Nf5 33. Qf2 Rh2 34. Rg1 Kf7 35. Qf4 Rh4 36. Qf2 Qd6 37. Rf1 Qh2 38. Rh1 Qg3 39. Qxg3 Rxh1+ 40. Bxh1 Nxg3
41. Bg2 Kf6 42. Kd2 g5 43. Ke1 g4 44. Kf2 Nf5 45. Bf1 Kg5 46. Bc1 Nce7 47. Be2 Ng6 48. Bd2 Ngh4 49. Kg1 Nf3+ 50. Bxf3 gxf3
51. Kf2 Kh4 52. c3 Nh6 53. Be1 Kh3 54. cxb4 axb4 55. Bxb4 Ng4+ 56. Kg1 Nxe3 57. Kf2 Ng4+ 58. Kg1 e3 59. Be1 f2+ 60. Bxf2 exf2+
61. Kf1 Kg3 62. b4 Kf3 63. b5 Ne3#
0-1

[Event "AGAG IIIIIIII"]
[Site "SchemingMind.com"]
[Date "2021.07.03"]
[Round "-"]
[White "flyinduck"]
[Black "Gilligan"]
[Result "1-0"]
[WhiteCountry "CAN"]
[BlackCountry "USA"]
[WhiteElo "2035"]
[WhiteRD "72"]
[BlackElo "1742"]
[BlackRD "54"]
[GameID "713061"]

1. b3 e5 2. Bb2 Nc6 3. e3 Nf6 4. Bb5 d6 5. d4 Bd7 6. dxe5 dxe5 7. Nf3 Bg4 8. Qxd8+ Rxd8 9. Nbd2 Bd6 10. Nxe5 O-O
11. Nxc6 bxc6 12. Bxc6 Nd7 13. f3 Be6 14. Bxd7 Bxd7 15. O-O-O Bc5 16. Bd4 Bb6 17. Nc4 Be6 18. Nxb6 axb6 19. c4 c5 20. Bc3 Ra8
21. Kb2 Rfb8 22. Rd6 b5 23. cxb5 Rxb5 24. Rhd1 Rbb8 25. e4 c4 26. b4 h6 27. f4 Bg4 28. R1d2 Bh5 29. h3 Bg6 30. f5 Bh7
31. g4 Kf8 32. a3 f6 33. e5 fxe5 34. Bxe5 Re8 35. Bc3 Bg8 36. f6 Bf7 37. fxg7+ Kg8 38. Rxh6 Be6 39. Rf2 Bd5 40. Rh8#
1-0

[Event "AGAG IIIIIIII"]
[Site "SchemingMind.com"]
[Date "2021.07.03"]
[Round "-"]
[White "Gilligan"]
[Black "JAHI"]
[Result "0-1"]
[WhiteCountry "USA"]
[BlackCountry "INT"]
[WhiteElo "1652"]
[WhiteRD "56"]
[BlackElo "2003"]
[BlackRD "66"]
[GameID "713062"]

1. b3 e6 2. Bb2 d6 3. e4 d5 4. exd5 exd5 5. Nf3 Bg4 6. Be2 Bxf3 7. Bxf3 c6 8. O-O Nd7 9. Re1+ Ne7 10. Nc3 Qc7
11. Ne2 Rg8 12. Ng3 g6 13. Rb1 Kd8 14. d4 Bh6 15. c4 Re8 16. Rc1 Bxc1 17. Qxc1 Nf8 18. h3 Ne6 19. Qh6 Qf4 20. Qxf4 Nxf4
21. Ba3 Kd7 22. Bd1 Nf5 23. Rxe8 Rxe8 24. Nxf5 Re1+ 25. Kh2 Rxd1 26. Nd6 dxc4 27. bxc4 Rxd4 28. Nxf7 Nd3 29. Kg1 Rxc4 30. Nd6 Ra4
0-1

[Event "AGAG IIIIIIII"]
[Site "SchemingMind.com"]
[Date "2021.07.03"]
[Round "-"]
[White "JAHI"]
[Black "Gilligan"]
[Result "1-0"]
[WhiteCountry "INT"]
[BlackCountry "USA"]
[WhiteElo "1995"]
[WhiteRD "72"]
[BlackElo "1704"]
[BlackRD "56"]
[GameID "713063"]

1. b3 Nf6 2. Bb2 d5 3. e3 Nc6 4. Bb5 e6 5. d3 Bd7 6. Bxc6 Bxc6 7. Nd2 Be7 8. Ne2 Qd7 9. Kf1 O-O-O 10. Kg1 Bd6
11. Qf1 e5 12. Re1 Ng4 13. h3 Nh6 14. f3 f5 15. f4 exf4 16. exf4 Rhg8 17. Qf2 Kb8 18. Nf3 Nf7 19. Ned4 Bxf4 20. Ne6 Bd6
21. Nxd8 Qxd8 22. Nd4 Bd7 23. Nxf5 Bxf5 24. Qxf5 Ng5 25. h4 g6 26. Qxg5 Qd7 27. Bd4 Rf8 28. Rh3 Bb4 29. c3 Bd6 30. Rf3 Rc8
31. Ref1 Be7 32. Rf7 Bxg5 33. Rxd7 Bxh4 34. Be5 h5 35. Rxc7 a6 36. Rc5+
1-0

[Event "AGAG IIIIIIII"]
[Site "SchemingMind.com"]
[Date "2021.07.03"]
[Round "-"]
[White "Gilligan"]
[Black "Daniel Dubé"]
[Result "1-0"]
[WhiteCountry "USA"]
[BlackCountry "CAN"]
[WhiteElo "1742"]
[WhiteRD "54"]
[BlackElo "1563"]
[BlackRD "56"]
[GameID "713064"]

1. b3 d6 2. Bb2 e5 3. Nf3 f5 4. e3 Nf6 5. Be2 Be7 6. O-O O-O 7. c4 c5 8. d4 e4 9. Nfd2 Nc6 10. f3 Qe8
11. d5 Ne5 12. fxe4 Nxe4 13. Nc3 Nxd2 14. Qxd2 Qg6 15. Bf3 Bg5 16. Qe2 Re8 17. Bh5
1-0

[Event "AGAG IIIIIIII"]
[Site "SchemingMind.com"]
[Date "2021.07.03"]
[Round "-"]
[White "Daniel Dubé"]
[Black "Gilligan"]
[Result "0-1"]
[WhiteCountry "CAN"]
[BlackCountry "USA"]
[WhiteElo "1563"]
[WhiteRD "56"]
[BlackElo "1742"]
[BlackRD "54"]
[GameID "713065"]

1. b3 Nf6 2. Bb2 d6 3. d4 c6 4. Nf3 e6 5. c4 Be7 6. Nc3 O-O 7. e4 d5 8. cxd5 exd5 9. e5 Nh5 10. Bd3 Nf4
11. Bf1 Nd7 12. g3 Ne6 13. Bg2 b6 14. O-O Bb7 15. Rc1 f6 16. Re1 fxe5 17. Nxe5 Nxe5 18. Rxe5 Ng5 19. f4 Nf7 20. Re3 c5
21. dxc5 Bxc5 22. Qd2 d4 23. Bxb7 dxe3 24. Qxd8 Raxd8 25. Ne4 e2+ 26. Nxc5 Rd1+
0-1

[Event "AGAG IIIIIIII"]
[Site "SchemingMind.com"]
[Date "2021.07.02"]
[Round "-"]
[White "Gilligan"]
[Black "Arnold Jones"]
[Result "1-0"]
[WhiteCountry "USA"]
[BlackCountry "ENG"]
[WhiteElo "1714"]
[WhiteRD "56"]
[BlackElo "1583"]
[BlackRD "73"]
[GameID "713066"]

1. b3 Nf6 2. Bb2 e6 3. Nf3 Bc5 4. e3 O-O 5. Nc3 c6 6. a3 b5 7. d4 Bb6 8. Bd3 h6 9. Qe2 d6 10. O-O-O Nbd7
11. h4 a6 12. Ng5 a5 13. g4 Qe7 14. f4 Bb7 15. Nge4 Ne8 16. g5 d5 17. gxh6 dxe4 18. Nxe4 f5 19. Ng5 gxh6 20. Rdg1 hxg5
21. hxg5 Ng7 22. g6 Nf6 23. Kb1 a4 24. d5 axb3 25. Bxf6 bxc2+ 26. Bxc2 Qxa3 27. Rh8+ Kxh8 28. Qh2+
1-0